| 000 | 00979nam a2200313 a 4500 | ||
|---|---|---|---|
| 001 | 000114647 | ||
| 003 | CHAP | ||
| 005 | 20220329144451.0 | ||
| 008 | 180314s1989 mx |r| ||||||spa d | ||
| 010 | _a111108 | ||
| 011 | _a112080 | ||
| 020 | _a9688562106 | ||
| 040 | _cCHAP | ||
| 082 | 0 | 4 |
_a338.1972 _bP43 |
| 245 | 0 | 3 |
_aLa pérdida de la autosuficiencia alimentaria y el auge de la ganadería en México / _ccoordinado por Gonzalo Arroyo. |
| 260 |
_aMéxico, D.F. : _bUAM. Xochimilco _bPlaza y Valdés, _c1989. |
||
| 300 | _a367 p. | ||
| 490 | _aAgricultura y economía | ||
| 590 |
_aE5765TAJ _b05 _c20180314 _lUCH01 _h1124 |
||
| 650 | 1 | 4 |
_aAlimentos _xAbastecimiento _xMéxico. _94132 |
| 650 | 1 | 4 |
_aGanadería _zMéxico. _944867 |
| 650 | 1 | 4 |
_aPolítica alimentaria. _990389 |
| 650 | 1 | 4 |
_aProductos agrícolas _zMéxico. _9134874 |
| 700 | 0 |
_aArroyo, Gonzalo _ecoord. _97549 |
|
| 830 | 0 |
_aAgricultura y economía _92034 |
|
| 901 | _aBK | ||
| 942 | _cLIBRO | ||
| 942 | _n0 | ||
| 999 |
_c111108 _d111108 |
||